| 000 | 00547nas a2200217 i 4500 | ||
|---|---|---|---|
| 001 | 753 | ||
| 003 | ES-MaACL | ||
| 005 | 20250217133918.0 | ||
| 007 | t| | ||
| 008 | 950801c1881 xxu | | 1 ||ng d | ||
| 080 | _a73 | ||
| 245 | 0 | 4 | _aThe Critic. |
| 260 |
_aNew York : _bG.P. Putnam's Sons, _c1881- ( _fThe Knickerbocker) |
||
| 300 |
_a1 v. : _bgrab ; _c24 cm. |
||
| 310 | _aMensual | ||
| 362 | 0 | _a(1881)- | |
| 650 | 1 | 4 |
_aRevistas de información general. _916896 |
| 852 |
_aES-MaACL _jHem-397 |
||
| 866 | 0 | _o1900-01. | |
| 999 |
_c753 _d753 |
||